书目信息 |
| 题名: |
建设工程监理实务
|
|
| 作者: | 韦海民 , 郑俊耀 主编 | |
| 分册: | ||
| 出版信息: | 北京 中国计划出版社 2006.03 |
|
| 页数: | 355页 | |
| 开本: | 26cm | |
| 丛书名: | ||
| 单 册: | ||
| 中图分类: | TU712 | |
| 科图分类: | ||
| 主题词: | 建筑工程--jian zhu gong cheng--监督管理 | |
| 电子资源: | ||
| ISBN: | 7-80177-542-2 | |
| 000 | 00835nam0 2200241 450 | |
| 001 | 012006783842 | |
| 005 | 20060522102123.87 | |
| 010 | @a7-80177-542-2@dCNY38.00 | |
| 100 | @a20060425d2006 km y0chiy0120 ea | |
| 101 | 0 | @achi |
| 102 | @aCN@b110000 | |
| 105 | @ay a 000yy | |
| 200 | 1 | @a建设工程监理实务@Ajian she gong cheng jian li shi wu@f韦海民, 郑俊耀主编@Fwei hai min,zheng jun yao zhu bian |
| 210 | @a北京@c中国计划出版社@d2006.03 | |
| 215 | @a355页@d26cm | |
| 320 | @a有书目。 | |
| 330 | @a本书包括建设工程监理制度的基本理论和方法,各个阶段的质量、进度、投资控制,信息管理和组织协调,典型案例等。 | |
| 606 | 0 | @a建筑工程@Ajian zhu gong cheng@x监督管理 |
| 690 | @aTU712@v4 | |
| 701 | 0 | @a韦海民@Awei hai min@4主编 |
| 701 | 0 | @a郑俊耀@Azheng jun yao@4主编 |
| 801 | 0 | @aCN@bQSSK@c20060522 |
| 905 | @a10447@dTU712@eW514 | |
| 建设工程监理实务/韦海民, 郑俊耀主编.-北京:中国计划出版社,2006.03 |
| 355页;26cm |
| ISBN 7-80177-542-2:CNY38.00 |
| 本书包括建设工程监理制度的基本理论和方法,各个阶段的质量、进度、投资控制,信息管理和组织协调,典型案例等。 |
| ● |
| 相关链接 |
|
|
|
正题名:建设工程监理实务
索取号:TU712/W514
 
预约/预借
| 序号 | 登录号 | 条形码 | 馆藏地/架位号 | 状态 | 备注 |
| 1 | 559253 | 205592535 | 建筑库201/201建筑库 21排1列4层/ [索取号:TU712/W514] | 在馆 | |
| 2 | 559254 | 205592544 | 建筑库201/201建筑库 21排1列4层/ [索取号:TU712/W514] | 在馆 | |
| 3 | 559255 | 205592553 | 建筑库201/201建筑库 21排1列4层/ [索取号:TU712/W514] | 在馆 |